000 00427nam a2200169Ia 4500
008 230524s9999 xx 000 0 und d
020 _a9780199577217
082 _a658.3
_bPAL
100 _aAdrian Palmer
245 0 _aIntroduction to Marketing : Theory And Practice
250 _aIST
260 _aNEW DELHI
_bOxford
_c2008
300 _aXVII;585
500 _aQuantity Number: 12
650 _aManagement
942 _cBK
999 _c41492
_d41492